Requisas y otras inspecciones personales (Registro nro. 3586)
[ vista simple ]
| 000 -Cabecera | |
|---|---|
| Campo de control de longitud fija | 00891aam a2200349 4500 |
| 005 - Fecha y hora de la última transacción | |
| Campo de control | 20250919170501.0 |
| 008 - Elementos de longitud fija--Información general | |
| Campo de control de longitud fija | 150225b2014 xxu||||| |||| 00| 0 eng d |
| 020 ## - International Standard Book Number | |
| Número Internacional Estándar del Libro (ISBN) | 9789877060256 |
| 041 ## - Idioma | |
| Código de idioma | Español |
| 082 ## - Clasificación Decimal Dewey | |
| Número de clasificación | 347.067 H153r2 |
| 100 ## - Entrada principal--Autor personal | |
| Nombre personal | Hairabedián, Maximiliano |
| 9 (RLIN) | 4866 |
| 245 ## - Título propiamente dicho | |
| Título | Requisas y otras inspecciones personales |
| 250 ## - Edición | |
| Mención de edición | 2 edición |
| 260 ## - Pie de imprenta | |
| Lugar de publicación, distribución, etc. | Argentina |
| 260 ## - Pie de imprenta | |
| Nombre del editor, distribuidor, etc. | Astrea |
| 260 ## - Pie de imprenta | |
| Fecha de publicación, distribución, etc. | 2014 |
| 300 ## - Descripción física | |
| Extensión | 264 páginas |
| 490 ## - Serie | |
| Título de la Serie | Investigación Criminal |
| 650 ## - Materia general | |
| Temática (materia general) | REQUISAS |
| 650 ## - Materia general | |
| Temática (materia general) | INSPECCIONES PERSONALES |
| 650 ## - Materia general | |
| Temática (materia general) | DERECHO A LA INTIMIDAD |
| 650 ## - Materia general | |
| Temática (materia general) | DERECHO A LA PRIVACIDAD |
| 650 ## - Materia general | |
| Temática (materia general) | FUNCIONES DEL POLICIA |
| 650 ## - Materia general | |
| Temática (materia general) | REQUISAS PROCESALES |
| 650 ## - Materia general | |
| Temática (materia general) | VIGILANCIAS |
| 650 ## - Materia general | |
| Temática (materia general) | GPS |
| 650 ## - Materia general | |
| Temática (materia general) | SECUESTRO |
| 650 ## - Materia general | |
| Temática (materia general) | INSPECCIONES CORPORALES |
| 650 ## - Materia general | |
| Temática (materia general) | ALCOHOLEMIA |
| 942 ## - Punto de acceso adicional KOHA | |
| Tipo de ítem KOHA | Libro |
| Fuente del sistema de clasificación o colocación | Dewey Decimal Classification |
| Signatura completa | Código de barras | Programa Académico | Tipo de ítem |
|---|---|---|---|
| 347.067 H153r2 | 18570 | Investigación Criminal | Libro |
| 347.067 H153r2 | 20467 | Investigación Criminal | Libro |